Kier scrambles to July peak with £375m of work (Record no. 79151)

MARC details
000 -LEADER
fixed length control field 00902cab a22001935a 4500
001 - CONTROL NUMBER
control field L139998
008 - FIXED-LENGTH DATA ELEMENTS--GENERAL INFORMATION
fixed length control field 070829e20070824xxkd f 000 0 eng d
035 ## - SYSTEM CONTROL NUMBER
System control number (Sirsi) u139998
041 0# - LANGUAGE CODE
Language code of text/sound track or separate title eng
100 1# - MAIN ENTRY--PERSONAL NAME
Personal name Harding, Eleanor
245 00 - TITLE STATEMENT
Title Kier scrambles to July peak with £375m of work
260 ## - PUBLICATION, DISTRIBUTION, ETC.
Date of publication, distribution, etc. 2007
490 #0 - SERIES STATEMENT
Series statement Building
Volume/sequential designation 272(8494) 24 August 2007, 16-17(2)
520 ## - SUMMARY, ETC.
Summary, etc. Barbour ABI's monthly figures show EC Harris heading the table of top quantity surveyors for the 12 months to July 2007. Turner and Townsend were runners up, with Davis Langdon in third place. Balfour Beatty topped the contractors' league for the same period, with Kier taking first place for monthly work won in July 2007. Also includes tables for architects and clients/promoters.
590 ## - LOCAL NOTE (RLIN)
Local note KA
651 #4 - SUBJECT ADDED ENTRY--GEOGRAPHIC NAME
Geographic name United Kingdom
Chronological subdivision
690 ## - LOCAL SUBJECT ADDED ENTRY--TOPICAL TERM (OCLC, RLIN)
Topical term or geographic name as entry element BUILT ENVIRONMENT-QUANTITY SURVEYING-QUANTITY SURVEYORS
942 ## - ADDED ENTRY ELEMENTS (KOHA)
Suppress in OPAC 0
Holdings
Withdrawn status Lost status Source of classification or shelving scheme Damaged status Not for loan Home library Current library Shelving location Date acquired Total Checkouts Full call number Barcode Date last seen Copy number Price effective from Koha item type
    Dewey Decimal Classification     London London Journal article 29/08/2007   L139998 139998-1001 06/08/2019 1 06/08/2019 Journal article